01679nam a2200313 a 4500001001000000003000900010005001700019008003900036040002500075082002900100100003700129245009000166260003700256300003600293500007400329500005700403500007300460500003400533504003200567505044400599600003701043650003201080650003001112650003201142651004201174942001401216952011801230999001701348000045208DO-SdBNP20260321073643.0150210s 2013 dr ac 000 0 spa d aDO-SdBNPbspacBNPHU aBNPHU PD RD868.44bB742P1 aPérez, Odalís d1952-92382810aJuan Bosch :bnarrativa histórica, escritura de la historia /cOdalís G. Pérez. aSanto Domingo :b[s. n.],c2013. a141 p. :bil., retrs. ;c19 cm. aIncluye referencias bibliográficas y notas al pie de las páginas. aIncluye datos biográficos del autor en las solapas aIncluye referencias bibliográficas y notas al pie de las páginas aIncluye índice onomástico aBibliografía : p. 133-136 aPreliminar --tBreve historia de la oligarquía --tTres conferencias sobre el feudalismo --tMáximo Gómez: de Monte Cristi a la gloria --tBreve historia de los pueblos árabes: arabismo, orientalismo, fuerzas del imperio --tJuan Bosch: ensayismo democrático, práctica histórico-política y vertiente cultural --tJuan Bosch: narrar el mundo dominicano a través de sus voces -- .tBibliografía --tÍndice onomástico.10a Bosch, Juan, d1909-200197655510aPensamiento crítico9902614aFeudalismoxHistoria925614aOligarquíaxHistoria925714aRepública DominicanaxHistoria9170 2ddccLBS1 00102ddc718MOaBNPHUbPDcHDd2015-02-10iLF1l0oBNPHU PD RD868.44 B742Pp45208-10r2020-06-25w2020-06-25y1 c44697d44697